| 000 | nam a22 a 4500 | ||
|---|---|---|---|
| 999 |
_c2091 _d2091 |
||
| 003 | AKMAL | ||
| 005 | 20170515112346.0 | ||
| 008 | 170515t1981 -us 00 eng u | ||
| 020 | _a0803917171 | ||
| 040 |
_aAKMAL _cAKMAL |
||
| 082 | 0 | 4 |
_a370.15 SAL _221 |
| 090 | 0 | 0 |
_a370.15 _bSAL |
| 100 | 1 |
_aSalomon, Gavriel _94304 |
|
| 245 | 1 | 0 |
_aCommunications and educations : _bsocial and psychological interactions / _cGavriel Salomon |
| 260 |
_aBeverly Hills,California : _bSage Pub., _c1981 |
||
| 300 | 0 | 0 |
_a271p. : _bill. ; _c23cm |
| 500 | _aIncludes index | ||
| 504 | _aBibliography: p.[241-258] | ||
| 650 | 1 | 0 |
_aInteraction analysis in education _94305 |
| 650 | 2 | 0 |
_aCommunication in education _94306 |
| 650 | 2 | 0 |
_aInterpersonal communication _91169 |
| 942 |
_2ddc _cBOOK |
||